00382nam a22001457a 4500003000400000005001700004008004100021020001800062040000900080082001800089100001800107245005900125260004400184300000800228OSt20210101142617.0191104b ||||| |||| 00| 0 eng d a9788182719286 coclc a294.55bPUN/A1 aPuniyani, Ram aAmbedkarum Nava Hindutva Rashtreeyavum /cRam Puniyani aKozhikode :bPratheeksha Books, c2018. a64p